Toward evidence-informed policy and practice in child welfare /

সংরক্ষণ করুন:
গ্রন্থ-পঞ্জীর বিবরন
প্রধান লেখক: Littell, Julia H.
অন্যান্য লেখক: Shlonsky, Aron.
বিন্যাস: প্রবন্ধ
ভাষা:English
বিষয়গুলি:
ট্যাগগুলো: ট্যাগ যুক্ত করুন
কোনো ট্যাগ নেই, প্রথমজন হিসাবে ট্যাগ করুন!
Thư viện lưu trữ: Thư viện Trường Đại học Đà Lạt
LEADER 00882nam a2200289 4500
001 DLU110116892
005 ##20101221
040 # # |a DLU  |b eng 
041 # # |a eng 
044 # # |a us 
100 # # |a Littell, Julia H. 
245 # # |a Toward evidence-informed policy and practice in child welfare /  |c Julia H. Littell, Aron Shlonsky. 
653 # # |a Child welfare 
653 # # |a Evidence-based practice 
653 # # |a Evidence-informed practice 
653 # # |a Research synthesis 
700 # # |a Shlonsky, Aron.  
773 # # |t Research on Social Work Practice  |g Vol. 20, no. 6 (November 2010), p. 723-725 
920 # # |a  Phòng Tạp chí -- Trung tâm Thông tin - Thư viện Trường Đại học Đà Lạt 
994 # # |a DLU 
900 # # |a True 
911 # # |a Trương Bảo Trâm Anh 
925 # # |a G 
926 # # |a A 
927 # # |a BB 
980 # # |a Thư viện Trường Đại học Đà Lạt